| 000 | 00563nam a22001817a 4500 | ||
|---|---|---|---|
| 003 | OSt | ||
| 005 | 20250923030109.0 | ||
| 008 | 250923b |||||||| |||| 00| 0 eng d | ||
| 020 | _a0-8151-5057-1 | ||
| 040 |
_aDWCL-Main lib _cOC |
||
| 082 | _aCirc. 610.73 K29 1996 | ||
| 100 | _aKelly, R. | ||
| 245 | _aMosby's workbook for nursing assistants, 4th ed. | ||
| 260 |
_bMosby Lifeline, _cc1996 |
||
| 300 |
_a267 p.ages : _c28 cm. |
||
| 650 | _2Nurse's aide | ||
| 942 |
_2ddc _cBK-CIRC _e4th edition _hCirc. 610.73 K29 1996 _kCirc. _n0 |
||
| 999 |
_c4499 _d4499 |
||